000 01324nam0a22003011 4500
001 rc\4430081
005 20250612081723.0
021 _aRU
_b[66-29429ж]
035 _a(NLR Aleph) 008575073
090 _a8549631
_c8549631
100 _a20130416d1966 |||y0rusy50 ca
101 0 _arus
102 _aRU
105 _ay z |||||
200 1 _aАбстрактная задачи Коши и теория возмущения замкнутых операторов
210 _aСаратов
_cПриволж. кн. изд-во
_d1966
215 _a59 с.
_d20
225 1 _aМинистерство сельского хозяйства. Труды Саратовского института механизации сельского хозяйства имени М.И. Калинина
_vВып. 39. Ч. 3
320 _aБиблиогр.: с. 57-58 (20 назв.)
606 _aКоши задача
_2psbo
606 _aВозмущений (физ.) теория
_2psbo
700 1 _7ca
_8rus
_aИванов
_bВ. Н.
_cканд. физ.-мат. наук, сельская электрификация
_f1923-
_gВиктор Николаевич
_9269687
_3RU\NLR\AUTH\770269743
801 0 _aRU
_bNLR
_gpsbo
801 1 _aRU
_bELAR
_2rusmarc
852 _aNLR
_jП13/466
942 _cBOOK
980 _aNB